000 00521nam a2200169Ia 4500
003 GCL
008 140319s9999 xx 000 0 ara d
040 _aGCL /
_cGCL
082 0 4 _aد
_b050
100 1 _aابراهيم الكيلانى
245 1 0 _aادباء من الجزائر ( اقرا 192 ) /
_cابراهيم الكيلانى
300 _a127 ص
490 _aوثائق ونصوص
_v0
650 0 4 _aالادب العربى - الجزائر
650 0 4 _aالادباء الجزائريون
942 _2ddc
_cCF
999 _c27390
_d27390